|
|
|
|
| LEADER |
01012cam a2200277 7i4500 |
| 001 |
0000059663 |
| 005 |
20210727090000.0 |
| 020 |
|
|
|a 0306473801 (electronic book)
|
| 020 |
|
|
|a 0306462443
|
| 090 |
0 |
0 |
|a QD251.2
|b .C36 2000
|
| 100 |
1 |
|
|a Carey, Francis A
|
| 245 |
1 |
0 |
|a Advanced organic chemistry
|c Frank A. Carey and Richard J. Sundberg.
|
| 250 |
|
|
|a Fourth edition.
|
| 264 |
|
|
|a New York:
|b Kluwer Academic/Plenum Pub,
|c 2000.
|
| 300 |
|
|
|a 1 online resource (2 volume):
|b illustrations, text file, PDF.
|
| 336 |
|
|
|a text
|2 rdacontent
|
| 337 |
|
|
|a computer
|2 rdamedia
|
| 338 |
|
|
|a online resource
|2 rdacarrier
|
| 650 |
0 |
0 |
|a Chemistry, Organic
|
| 655 |
0 |
0 |
|a Electronic books
|
| 700 |
1 |
|
|a Sundberg, Richard J
|
| 856 |
4 |
2 |
|u http://library.unisel.edu.my/web/guest/mylibrary
|
| 997 |
|
|
|a Engineering & Life Sciences, Faculty
|b Science & Biotechnology, Department
|
| 998 |
|
|
|a Biotechnology, Degree
|
| 998 |
|
|
|a Biotechnology & Life Sciences, Diploma
|
| 999 |
|
|
|a EBO0005906
|b EBOOK
|c EBOOK
|e Electronic resources
|